[Event "Rail 4 Countries"]
[Site "Vienna"]
[Date "2011.11.12"]
[Round "2.3"]
[White "Lee, Tony"]
[Black "Jarius, Hans Juergen"]
[Result "1/2-1/2"]
[WhiteElo "1994"]
[BlackElo "2078"]
[PlyCount "111"]
[EventDate "2011.11.11"]
[EventType "team-tourn"]
[EventRounds "3"]
[EventCountry "AUT"]
[SourceTitle "EXT 2022"]
[Source "ChessBase"]
[SourceDate "2021.10.06"]
[SourceVersion "1"]
[SourceVersionDate "2021.10.06"]
[SourceQuality "1"]
[WhiteTeam "England USIC"]
[BlackTeam "Austria USIC"]
[WhiteTeamCountry "ENG"]
[BlackTeamCountry "AUT"]

1. e4 c6 2. d3 d5 3. Nd2 e5 4. Ngf3 Bd6 5. g3 Ne7 6. Bg2 0-0 7. 0-0 Bg4 8. h3 Bh5 9. g4 Bg6 10. Nh4 d4 11. Nf5 Bc7 12. Qf3 f6 13. h4 Nd7 14. Qh3 Nc5 15. Nf3 Qd7 16. Bd2 Ne6 17. Kh1 c5 18. Rg1 Rad8 19. Bf1 Nf4 20. Bxf4 exf4 21. h5 Bxf5 22. gxf5 Kh8 23. Be2 Rfe8 24. Rg4 Nxf5 25. Bf1 Nh6 26. Rh4 f5 27. Nd2 fxe4 28. Qxd7 Rxd7 29. Nxe4 b6 30. Be2 Rf7 31. Bf3 Rfe7 32. Rg1 Nf7 33. Bg2 Ne5 34. f3 c4 35. dxc4 Nxc4 36. b3 Ne3 37. Rc1 Be5 38. Bf1 Rc7 39. Bd3 Nd5 40. a3 Ne3 41. Rh2 Nf5 42. Kg1 Ng3 43. Rh3 Rf8 44. Ng5 Rfc8 45. Bxh7 Bf6 46. Ne6 Rc6 47. Nxf4 Kxh7 48. Rxg3 Rxc2 49. Rxc2 Rxc2 50. Nd5 d3 51. Nxf6+ gxf6 52. Kf1 Rc3 53. f4 Rxb3 54. Ke1 Rxa3 55. Kd2 b5 56. Rg6 1/2-1/2